000 00252 a2200109 4500
001 63358
082 _a532.05 BAT
090 _c37409
_d37409
100 _aBatchelor G.K
245 _aAn introduction to fluid dynamics
_hEnglish
260 _bCambridge
942 _aCAE NUST
_k532.05 BAT
999 _c298431
_d298431